Word Ladder: Meryl Streep Movies Quiz Stats

 Plays Quiz Updated May 28, 2016

Challenge
Share
Tweet
Embed
Score 0/51 Timer 05:00
2 Plays Today
Clue 4-Letter Word % Correct
★ 'Falling in ____' ★★ LOVE ★
95.5%
Change housesMOVE
94.5%
What a model strikesPOSE
94.1%
Donut centerHOLE
94%
Cannon soundBOOM
94%
Blow one's hornTOOT
93.8%
Hydrant attachmentHOSE
93.7%
Grasp on toHOLD
93.5%
Part of a tooth or plantROOT
93.4%
★ 'Marvin's ____' ★★ ROOM ★
92.5%
Start up a computerBOOT
92%
Eat, formallyDINE
91.2%
VinoWINE
90.8%
Horse's gaitTROT
90.2%
____ E. Coyote of cartoonsWILE
89.9%
Font optionBOLD
89.8%
Blog entryPOST
89.6%
Those peopleTHEM
89%
Bride after her wedding dayWIFE
88.4%
★ 'The ____ Hunter' ★★ DEER ★
88.3%
Rush offBOLT
87.2%
★ 'Defending Your ____' ★★ LIFE ★
87.1%
1982 Disney Sci-Fi movieTRON
84%
Celebrity chef PaulaDEEN
83.8%
Country roadLANE
83.1%
Bruce or Laura, e.g.DERN
82.6%
Clue 4-Letter Word % Correct
'Dang!'DARN
82.6%
'Come here often?', e.g.LINE
82.2%
★ 'A Prairie ____ Companion' ★★ HOME ★
82.2%
Sticky substanceGLUE
82.1%
★ 'The River ____' ★★ WILD ★
81.4%
Crystal-ballerSEER
80.6%
★ '____ Springs' ★★ HOPE ★
79.3%
Euphemism for flatulenceWIND
79.1%
Capital of TogoLOMÉ
78.1%
Wear a long faceMOPE
77.2%
★ '____ Matter' ★★ DARK ★
76.8%
Come off asSEEM
76.3%
CatastrophicDIRE
76.1%
Overflow (with)TEEM
75.1%
You (archaic)THEE
75%
Behave like a grumpPOUT
74.5%
Joint inflammationGOUT
74.5%
OversupplyGLUT
74.2%
Scottish daggerDIRK
70.2%
★ Fe; 'The ____ [last rung]' ★★ IRON ★
68.1%
Stow cargoLADE
65.4%
★ Woman; 'The [first rung] ____' ★★ LADY ★
65.3%
★ 'One ____ Thing' ★★ TRUE ★
57.2%
Ring bearer?TREE
55.9%
Dark-dwelling monsterGRUE
51.5%

Today's Daily Dose

You're not logged in!

Compare scores with friends on all Sporcle quizzes.
OR
Log In

You Might Also Like...

Show Comments

Extras

Top Quizzes Today


Score Distribution

Your Account Isn't Verified!

In order to create a playlist on Sporcle, you need to verify the email address you used during registration. Go to your Sporcle Settings to finish the process.

Report this User

Report this user for behavior that violates our Community Guidelines.

Details: